000 00592nam a2200217 a 4500
005 20210219152845.0
008 991125n 000 0 spa u
035 _aUPN01000063504
100 _aVILELLA, Remedios
222 _aEDUCACION (CUBA)
245 _aAlgunas conclusiones sobre la enseñanza de la matemática en primaria
300 _a50-64
362 _a1975 Año 5, no. 18, jul.-sept.
653 0 _aCUBA
653 0 _aDESARROLLO CURRICULAR
653 0 _aEDUCACION PRIMARIA
653 0 _aENSEÑANZA
653 0 _aMATEMATICA
904 _aAC
_b001315
905 _aArticulo
999 _c62135
_d62135